[Event "Mistrzostwa Polski Niewidomych i Slabowi"]
[Site "Wagrowiec"]
[Date "2016.??.??"]
[Round "1.1"]
[White "Czajkowski, Adam"]
[Black "Mackowiak, Marek"]
[Result "1-0"]
[WhiteElo "2082"]
[BlackElo "2138"]
[PlyCount "53"]
[EventDate "2016.??.??"]

1. e4 e5 2. Nf3 Nc6 3. Bb5 d6 4. O-O Bd7 5. c3 Nf6 6. d4 exd4 7. cxd4 Be7 8.
Nc3 O-O 9. h3 a6 10. Bd3 Ne8 11. Qe2 g6 12. Nd5 Ng7 13. Qe3 f6 14. Qh6 Be6 15.
Nxe7+ Nxe7 16. d5 Bd7 17. b3 c5 18. dxc6 bxc6 19. Bb2 c5 20. Ng5 Rf7 21. Qxh7+
Kf8 22. Nxf7 Kxf7 23. Bc4+ d5 24. exd5 Bb5 25. d6+ Bxc4 26. dxe7 Qd2 27. Bxf6
1-0

[Event "Mistrzostwa Polski Niewidomych i Slabowi"]
[Site "Wagrowiec"]
[Date "2016.??.??"]
[Round "1.2"]
[White "Zoltek, Tadeusz"]
[Black "Pawelec, Bartosz"]
[Result "1/2-1/2"]
[WhiteElo "2100"]
[BlackElo "2115"]
[PlyCount "70"]
[EventDate "2016.??.??"]

1. Nf3 d5 2. d4 Nf6 3. c4 e6 4. Nc3 Bb4 5. cxd5 exd5 6. Bg5 c5 7. dxc5 Qa5 8.
Bxf6 gxf6 9. e3 Bxc3+ 10. bxc3 Qxc3+ 11. Nd2 Bg4 12. Rc1 Qa3 13. Qc2 Nc6 14.
Bb5 Bf5 15. Qc3 Qxc3 16. Rxc3 Rg8 17. g3 O-O-O 18. Bxc6 bxc6 19. Nb3 Be4 20.
O-O Kc7 21. f3 Bf5 22. Nd4 Bd7 23. Rb1 Rb8 24. Rcb3 Rxb3 25. Rxb3 Rb8 26. Rxb8
Kxb8 27. Kf2 Kb7 28. Ke2 Ka6 29. Kd3 Ka5 30. Kc3 Ka4 31. g4 Ka3 32. h4 a5 33.
Nb3 a4 34. Nc1 Be6 35. Nd3 Bc8 1/2-1/2

[Event "Mistrzostwa Polski Niewidomych i Slabowi"]
[Site "Wagrowiec"]
[Date "2016.??.??"]
[Round "1.3"]
[White "Barnowski, Sylwester"]
[Black "Suder, Ryszard"]
[Result "0-1"]
[WhiteElo "1904"]
[BlackElo "2138"]
[PlyCount "92"]
[EventDate "2016.??.??"]

1. d4 Nf6 2. c4 g6 3. Nc3 d5 4. cxd5 Nxd5 5. e4 Nxc3 6. bxc3 Bg7 7. Bc4 O-O 8.
Ne2 b6 9. O-O Bb7 10. f3 Nc6 11. Be3 Na5 12. Bd3 Qd7 13. Rc1 Rfd8 14. Qd2 c5
15. Rfd1 Qa4 16. e5 Nc4 17. Bxc4 Qxc4 18. Ng3 Bxe5 19. Qe2 Qxe2 20. Nxe2 Bd6
21. Ng3 f5 22. dxc5 bxc5 23. Ne2 Ba6 24. Nf4 Bc4 25. a3 Rab8 26. Rb1 Rb6 27.
Rxb6 axb6 28. Kf2 g5 29. Ne2 Bg3+ 30. Nxg3 Rxd1 31. Nxf5 Kf7 32. Nh6+ Kg6 33.
Ng4 Be6 34. Ne5+ Kf6 35. f4 gxf4 36. Bxf4 Ra1 37. Nf3 Rxa3 38. Bg5+ Kf5 39.
Bxe7 Rxc3 40. Bd8 b5 41. Ba5 Rc2+ 42. Ke3 Bd5 43. Be1 Bxf3 44. Kxf3 b4 45. h3
b3 46. g4+ Ke6 0-1

[Event "Mistrzostwa Polski Niewidomych i Slabowi"]
[Site "Wagrowiec"]
[Date "2016.??.??"]
[Round "1.4"]
[White "Stachanczyk, Jacek"]
[Black "Dukaczewski, Piotr"]
[Result "1/2-1/2"]
[WhiteElo "2202"]
[BlackElo "2254"]
[PlyCount "69"]
[EventDate "2016.??.??"]

1. c4 c5 2. Nc3 g6 3. g3 Bg7 4. Bg2 Nc6 5. Nf3 e5 6. O-O d6 7. a3 Nge7 8. Rb1
Be6 9. d3 h6 10. Bd2 O-O 11. b4 Rb8 12. b5 Nd4 13. Ne1 Qd7 14. e3 Ndf5 15. Nd5
Bxd5 16. cxd5 h5 17. a4 b6 18. Nc2 Kh7 19. Bh3 Qb7 20. e4 Nd4 21. Nxd4 exd4 22.
Bf4 Rbd8 23. Bg5 f6 24. Bd2 Ng8 25. Be6 Nh6 26. Bxh6 Bxh6 27. f4 Rh8 28. Kg2
Kg7 29. Rb2 Qe7 30. Qb3 Rdf8 31. h3 Rh7 32. Kf3 g5 33. fxg5 fxg5+ 34. Bf5 Kh8
35. Kg2 1/2-1/2

[Event "Mistrzostwa Polski Niewidomych i Slabowi"]
[Site "Wagrowiec"]
[Date "2016.??.??"]
[Round "1.5"]
[White "Debowska, Teresa"]
[Black "Falkowski, Dawid"]
[Result "0-1"]
[WhiteElo "1820"]
[BlackElo "2059"]
[PlyCount "126"]
[EventDate "2016.??.??"]

1. e4 c5 2. d3 Nc6 3. g3 g6 4. Bg2 Bg7 5. Nd2 Nf6 6. Ngf3 O-O 7. c3 d6 8. O-O
Bd7 9. Re1 b5 10. d4 Qb6 11. e5 Ne8 12. exd6 exd6 13. dxc5 dxc5 14. Nb3 Rd8 15.
Be3 Be6 16. Qc1 Bxb3 17. axb3 Nc7 18. b4 Ne6 19. bxc5 Qc7 20. Bh6 Nxc5 21. Bxg7
Kxg7 22. Qe3 Nd3 23. Reb1 Rfe8 24. Qd2 Qb6 25. Rd1 Na5 26. Nd4 Ne5 27. Qc2 Re7
28. Re1 Rde8 29. Rf1 Nac4 30. Rad1 b4 31. Rb1 a5 32. Bd5 Qc5 33. Bxc4 Qxc4 34.
Qb3 Qd3 35. Rbd1 Qe4 36. cxb4 Rd7 37. Rfe1 Qb7 38. Re3 Qxb4 39. Qxb4 axb4 40.
Nf5+ Kf8 41. Rxd7 Nxd7 42. Rxe8+ Kxe8 43. Nd6+ Ke7 44. Nc4 Ke6 45. Kf1 Kd5 46.
Ne3+ Kd4 47. Ke2 Ne5 48. h4 h5 49. f3 Nd7 50. Nd1 Ne5 51. Ne3 Nc4 52. Nc2+ Kc5
53. b3 Na5 54. Na1 Nc6 55. Nc2 Nd4+ 56. Nxd4 Kxd4 57. Kd2 f6 58. g4 f5 59. gxf5
gxf5 60. Ke2 Kc3 61. Ke3 Kxb3 62. Kf4 Kc4 63. Kxf5 b3 0-1

[Event "Mistrzostwa Polski Niewidomych i Slabowi"]
[Site "Wagrowiec"]
[Date "2016.??.??"]
[Round "1.6"]
[White "Zarow, Zdzislaw"]
[Black "Kulpinski, Piotr"]
[Result "0-1"]
[WhiteElo "1862"]
[BlackElo "1930"]
[PlyCount "90"]
[EventDate "2016.??.??"]

1. e4 c6 2. c4 g6 3. d4 Bg7 4. Nc3 d6 5. Nf3 Bg4 6. Be2 Nd7 7. O-O Bxf3 8. Bxf3
Qc7 9. Re1 e5 10. d5 c5 11. Bg4 a6 12. Qa4 Ngf6 13. Bh3 O-O 14. Bd2 Rfb8 15.
Qc2 b5 16. b3 Rb7 17. g3 Rab8 18. cxb5 axb5 19. Nd1 Ra8 20. Bf1 b4 21. Ne3 Bh6
22. Nc4 Bxd2 23. Qxd2 Nb6 24. Bd3 Nxc4 25. Bxc4 Qd7 26. f3 Rba7 27. Re2 Kg7 28.
Kg2 Ne8 29. h4 Nc7 30. h5 Nb5 31. Bxb5 Qxb5 32. h6+ Kg8 33. Rf2 Qd7 34. f4 Qe7
35. f5 f6 36. fxg6 hxg6 37. Qe2 Kh7 38. Qg4 Rf8 39. Raf1 Qd8 40. Qe6 Raf7 41.
g4 Kxh6 42. g5+ Kg7 43. Rf3 Qd7 44. gxf6+ Kg8 45. Rg3 Qxe6 0-1

[Event "Mistrzostwa Polski Niewidomych i Slabowi"]
[Site "Wagrowiec"]
[Date "2016.??.??"]
[Round "2.1"]
[White "Mackowiak, Marek"]
[Black "Kulpinski, Piotr"]
[Result "1-0"]
[WhiteElo "2138"]
[BlackElo "1930"]
[PlyCount "25"]
[EventDate "2016.??.??"]

1. c4 c6 2. d4 d5 3. e3 Nf6 4. Nc3 e6 5. Nf3 Nbd7 6. a3 Bd6 7. c5 Bc7 8. b4 e5
9. dxe5 Nxe5 10. Be2 O-O 11. Bb2 Bg4 12. Nxe5 Bxe2 13. Nxe2 1-0

[Event "Mistrzostwa Polski Niewidomych i Slabowi"]
[Site "Wagrowiec"]
[Date "2016.??.??"]
[Round "2.2"]
[White "Falkowski, Dawid"]
[Black "Zarow, Zdzislaw"]
[Result "1-0"]
[WhiteElo "2059"]
[BlackElo "1862"]
[PlyCount "65"]
[EventDate "2016.??.??"]

1. e4 e5 2. d4 exd4 3. Nf3 d5 4. Qxd4 dxe4 5. Qxd8+ Kxd8 6. Ng5 Ke8 7. Bc4 Nh6
8. Bf4 Bb4+ 9. c3 Be7 10. Nxe4 Bf5 11. Nbd2 Nd7 12. O-O-O Ng4 13. Rhe1 Nge5 14.
Bxe5 Nxe5 15. Ng3 Nd3+ 16. Bxd3 Bxd3 17. Re3 Rd8 18. Nb3 Bg6 19. Rde1 Rd7 20.
Nc5 Kd8 21. Nxd7 Bg5 22. Ne5 f5 23. Nxg6 hxg6 24. h3 Re8 25. Kc2 Bxe3 26. Rxe3
Rh8 27. Re6 Rh6 28. Ne2 Kd7 29. Nf4 Rh4 30. Re7+ Kd6 31. Nxg6 Rh6 32. Rxg7 Ke6
33. Nf4+ 1-0

[Event "Mistrzostwa Polski Niewidomych i Slabowi"]
[Site "Wagrowiec"]
[Date "2016.??.??"]
[Round "2.3"]
[White "Dukaczewski, Piotr"]
[Black "Debowska, Teresa"]
[Result "1-0"]
[WhiteElo "2254"]
[BlackElo "1820"]
[PlyCount "65"]
[EventDate "2016.??.??"]

1. d4 g6 2. e4 c6 3. c4 Bg7 4. Nc3 e6 5. Nf3 Ne7 6. Be2 O-O 7. O-O d5 8. Bf4 a6
9. c5 dxe4 10. Nxe4 Nd5 11. Bd6 Re8 12. Qd2 Nd7 13. Bg3 Qe7 14. Nd6 Rd8 15.
Rfe1 b6 16. b4 Nf8 17. Bc4 b5 18. Bb3 h6 19. Rac1 Qa7 20. Bxd5 exd5 21. h4 a5
22. Ne5 Rxd6 23. cxd6 axb4 24. Nxc6 Qa6 25. Ne7+ Kh7 26. Nxd5 Be6 27. Nc7 Qxa2
28. Rc2 Qxc2 29. Qxc2 Ra2 30. Qb1 Bc4 31. Qxb4 Ra4 32. Qb1 Bxd4 33. Be5 1-0

[Event "Mistrzostwa Polski Niewidomych i Slabowi"]
[Site "Wagrowiec"]
[Date "2016.??.??"]
[Round "2.4"]
[White "Suder, Ryszard"]
[Black "Stachanczyk, Jacek"]
[Result "1/2-1/2"]
[WhiteElo "2138"]
[BlackElo "2202"]
[PlyCount "60"]
[EventDate "2016.??.??"]

1. Nf3 c5 2. g3 g6 3. Bg2 Bg7 4. O-O Nc6 5. c4 Nf6 6. Nc3 O-O 7. d4 cxd4 8.
Nxd4 Nxd4 9. Qxd4 d6 10. Qd3 Be6 11. Bxb7 Rb8 12. Bg2 Qa5 13. Nd5 Nxd5 14. cxd5
Bf5 15. Qe3 Qa6 16. Re1 Rfc8 17. a4 Rc7 18. a5 Bxb2 19. Bxb2 Rxb2 20. Ra4 Qb5
21. Raa1 Qc5 22. Qf4 Qb4 23. Qxb4 Rxb4 24. e4 Bd7 25. Ra2 Rcc4 26. f4 Kg7 27.
Kf2 Kf6 28. Ree2 Ra4 29. e5+ Kg7 30. Rab2 Rc7 1/2-1/2

[Event "Mistrzostwa Polski Niewidomych i Slabowi"]
[Site "Wagrowiec"]
[Date "2016.??.??"]
[Round "2.5"]
[White "Pawelec, Bartosz"]
[Black "Barnowski, Sylwester"]
[Result "1-0"]
[WhiteElo "2115"]
[BlackElo "1904"]
[PlyCount "43"]
[EventDate "2016.??.??"]

1. e4 Nf6 2. Nc3 d5 3. e5 d4 4. exf6 dxc3 5. fxg7 cxd2+ 6. Bxd2 Bxg7 7. Qf3 Qd4
8. Bc3 Qa4 9. Bxg7 Rg8 10. Bc3 Nc6 11. Bd3 h6 12. Qe4 Qxe4+ 13. Bxe4 Bd7 14.
Ne2 O-O-O 15. g3 f6 16. O-O-O Rdf8 17. Rhe1 h5 18. Nf4 h4 19. Ng6 Rxg6 20. Bxg6
hxg3 21. hxg3 Bg4 22. Rd3 1-0

[Event "Mistrzostwa Polski Niewidomych i Slabowi"]
[Site "Wagrowiec"]
[Date "2016.??.??"]
[Round "2.6"]
[White "Czajkowski, Adam"]
[Black "Zoltek, Tadeusz"]
[Result "0-1"]
[WhiteElo "2082"]
[BlackElo "2100"]
[PlyCount "44"]
[EventDate "2016.??.??"]

1. e4 e6 2. Nf3 d5 3. Nc3 Nf6 4. e5 Nfd7 5. d4 c5 6. dxc5 Nc6 7. Bf4 Bxc5 8.
Bd3 f6 9. exf6 Nxf6 10. Qe2 O-O 11. O-O-O Bd6 12. Bg5 a6 13. h4 Qc7 14. g3 b5
15. h5 b4 16. Nb1 e5 17. Bxf6 Rxf6 18. Bxh7+ Kxh7 19. Ng5+ Kh8 20. Rxd5 Bf5 21.
g4 Nd4 22. Qd2 Bxc2 0-1

[Event "Mistrzostwa Polski Niewidomych i Slabowi"]
[Site "Wagrowiec"]
[Date "2016.??.??"]
[Round "3.1"]
[White "Zoltek, Tadeusz"]
[Black "Mackowiak, Marek"]
[Result "1/2-1/2"]
[WhiteElo "2100"]
[BlackElo "2138"]
[PlyCount "61"]
[EventDate "2016.??.??"]

1. Nf3 Nf6 2. c4 c5 3. g3 g6 4. Bg2 Bg7 5. O-O O-O 6. Nc3 Nc6 7. d3 d6 8. Rb1
Rb8 9. a3 a6 10. b4 cxb4 11. axb4 b5 12. cxb5 axb5 13. Bd2 Bd7 14. h3 h6 15.
Kh2 Kh7 16. Ne1 Ne8 17. Nc2 Nc7 18. Nd5 Nxd5 19. Bxd5 Nd4 20. Nxd4 Bxd4 21. Bg2
Bg7 22. Qb3 Qb6 23. Bc3 Bxc3 24. Qxc3 Rfc8 25. Qb2 Bc6 26. Rbc1 Bxg2 27. Kxg2
Qb7+ 28. Kg1 Rxc1 29. Rxc1 Rc8 30. Rc2 Rxc2 31. Qxc2 1/2-1/2

[Event "Mistrzostwa Polski Niewidomych i Slabowi"]
[Site "Wagrowiec"]
[Date "2016.??.??"]
[Round "3.2"]
[White "Barnowski, Sylwester"]
[Black "Czajkowski, Adam"]
[Result "0-1"]
[WhiteElo "1904"]
[BlackElo "2082"]
[PlyCount "52"]
[EventDate "2016.??.??"]

1. d4 Nf6 2. c4 g6 3. Nc3 Bg7 4. e4 d6 5. Nf3 O-O 6. Be2 Nbd7 7. O-O e5 8. d5
a5 9. Ne1 Nc5 10. f3 Nh5 11. Nd3 Nxd3 12. Bxd3 f5 13. Be3 b6 14. a3 f4 15. Bf2
g5 16. b4 axb4 17. axb4 Rxa1 18. Qxa1 g4 19. fxg4 Bxg4 20. Qb2 Qg5 21. Kh1 f3
22. g3 Bh3 23. Ra1 Nf4 24. Bf1 Bg2+ 25. Bxg2 fxg2+ 26. Kg1 Nh3+ 0-1

[Event "Mistrzostwa Polski Niewidomych i Slabowi"]
[Site "Wagrowiec"]
[Date "2016.??.??"]
[Round "3.3"]
[White "Stachanczyk, Jacek"]
[Black "Pawelec, Bartosz"]
[Result "1-0"]
[WhiteElo "2202"]
[BlackElo "2115"]
[PlyCount "57"]
[EventDate "2016.??.??"]

1. c4 Nf6 2. g3 d5 3. cxd5 Nxd5 4. Bg2 e5 5. Nc3 Nb6 6. Nf3 Nc6 7. O-O Be7 8.
a3 a5 9. d3 O-O 10. Be3 Nd5 11. Nxd5 Qxd5 12. Nd4 Qd6 13. Nxc6 bxc6 14. Qc2 Bd7
15. Rfd1 Rab8 16. d4 Be6 17. Rd2 Bd5 18. dxe5 Qxe5 19. Bf4 Qe6 20. Bxc7 Rb5 21.
Bxd5 cxd5 22. Qa4 Rc5 23. Bxa5 Ra8 24. b4 Rc4 25. Rad1 h5 26. Qb5 Bg5 27. Qxd5
Rxa5 28. Qxa5 Bxd2 29. Qd8+ 1-0

[Event "Mistrzostwa Polski Niewidomych i Slabowi"]
[Site "Wagrowiec"]
[Date "2016.??.??"]
[Round "3.4"]
[White "Debowska, Teresa"]
[Black "Suder, Ryszard"]
[Result "1/2-1/2"]
[WhiteElo "1820"]
[BlackElo "2138"]
[PlyCount "117"]
[EventDate "2016.??.??"]

1. e4 c6 2. d3 d5 3. Nd2 e5 4. g3 Nf6 5. Bg2 Bd6 6. c3 Nbd7 7. Ngf3 O-O 8. O-O
Re8 9. Qc2 Qc7 10. Rd1 a5 11. Nf1 Nc5 12. Nh4 Ne6 13. h3 a4 14. Nf5 Bf8 15. Nh2
dxe4 16. dxe4 b6 17. Be3 a3 18. b3 Ba6 19. f3 Red8 20. Bf1 Bxf1 21. Nxf1 b5 22.
Qf2 Rd7 23. Qe2 Rad8 24. Kg2 Qa5 25. Rxd7 Rxd7 26. Rc1 Qd8 27. Rc2 Nc5 28. Bxc5
Bxc5 29. b4 Bf8 30. Rd2 c5 31. Rxd7 Qxd7 32. bxc5 Bxc5 33. Qd2 Qxd2+ 34. Nxd2
g6 35. Nb3 gxf5 36. Nxc5 fxe4 37. fxe4 Kf8 38. Kf3 Ke7 39. g4 Kd6 40. Nb7+ Kc7
41. Nc5 Kc6 42. Nd3 Nd7 43. g5 Kd6 44. h4 Nc5 45. Nb4 Na4 46. Nd5 Kc5 47. Ke3
Nb6 48. Nb4 Kc4 49. Kd2 Kc5 50. Nc2 Nc4+ 51. Kd3 Kd6 52. Nb4 Nb6 53. Nc2 Nc4
54. Nb4 Ke6 55. Nd5 Nd6 56. Nc7+ Kd7 57. Nd5 Ke6 58. Nc7+ Kd7 59. Nd5 1/2-1/2

[Event "Mistrzostwa Polski Niewidomych i Slabowi"]
[Site "Wagrowiec"]
[Date "2016.??.??"]
[Round "3.5"]
[White "Zarow, Zdzislaw"]
[Black "Dukaczewski, Piotr"]
[Result "0-1"]
[WhiteElo "1862"]
[BlackElo "2254"]
[PlyCount "76"]
[EventDate "2016.??.??"]

1. e4 c5 2. Bc4 e6 3. Nc3 a6 4. a4 Nc6 5. Nf3 d6 6. O-O Nf6 7. d3 Be7 8. Re1 d5
9. exd5 exd5 10. Ba2 h6 11. h3 O-O 12. Bf4 Be6 13. Qd2 Nb4 14. Bb1 d4 15. Ne4
Nxe4 16. dxe4 Nc6 17. c3 Re8 18. e5 Bf8 19. Qc2 g6 20. Rd1 Kh7 21. Qc1 Qd7 22.
Nh4 Bb3 23. Bc2 Bxc2 24. Qxc2 Nxe5 25. cxd4 cxd4 26. Bxe5 Rxe5 27. Nf3 Rd5 28.
Rd3 Rc8 29. Qd2 Bg7 30. Rd1 Qxa4 31. b3 Qd7 32. Qf4 Rc3 33. g4 Rxd3 34. Rxd3 a5
35. Kg2 b5 36. Qb8 a4 37. bxa4 bxa4 38. Qa8 Rc5 0-1

[Event "Mistrzostwa Polski Niewidomych i Slabowi"]
[Site "Wagrowiec"]
[Date "2016.??.??"]
[Round "3.6"]
[White "Kulpinski, Piotr"]
[Black "Falkowski, Dawid"]
[Result "1-0"]
[WhiteElo "1930"]
[BlackElo "2059"]
[PlyCount "119"]
[EventDate "2016.??.??"]

1. d4 Nf6 2. Nf3 e6 3. c4 c5 4. Nc3 cxd4 5. Nxd4 Nc6 6. Nc2 d5 7. cxd5 exd5 8.
e3 Bc5 9. Be2 O-O 10. O-O d4 11. Nb5 dxe3 12. Bxe3 Qb6 13. Bxc5 Qxc5 14. Rc1
Rd8 15. Qe1 Qb6 16. Qc3 Nd5 17. Qf3 Nf6 18. Qe3 Be6 19. Qxb6 axb6 20. a3 Rd2
21. Nc7 Ra5 22. Nxe6 Rxe2 23. Ned4 Re4 24. f3 Re8 25. b4 Rd5 26. Nxc6 bxc6 27.
Rfd1 Red8 28. Rxd5 Rxd5 29. Ne3 Rd3 30. Kf2 Kf8 31. Rxc6 Rxa3 32. Rxb6 Rxe3 33.
Rxf6 Rb3 34. Rf4 Ke7 35. h4 Ke6 36. g4 h6 37. Re4+ Kd6 38. Rd4+ Ke6 39. Kg3 Ke7
40. Rc4 Kd6 41. Kf4 Kd5 42. Rc5+ Kd6 43. Rc4 Ke6 44. Kg3 Kd7 45. Rf4 Ke6 46.
Rc4 Kd7 47. Kf4 Kd6 48. Rd4+ Kc7 49. Ke4 Kc6 50. g5 hxg5 51. hxg5 Kc7 52. f4
Kc6 53. Ke5 Re3+ 54. Re4 Rf3 55. b5+ Kxb5 56. Kd6 Rf1 57. Ke7 f6 58. g6 Kc5 59.
Kf7 Kd5 60. Ra4 1-0

[Event "Mistrzostwa Polski Niewidomych i Slabowi"]
[Site "Wagrowiec"]
[Date "2016.??.??"]
[Round "4.1"]
[White "Mackowiak, Marek"]
[Black "Falkowski, Dawid"]
[Result "1-0"]
[WhiteElo "2138"]
[BlackElo "2059"]
[PlyCount "91"]
[EventDate "2016.??.??"]

1. c4 e5 2. Nc3 Nc6 3. g3 g6 4. Bg2 Bg7 5. Nf3 d6 6. d3 h6 7. Rb1 f5 8. e3 Be6
9. Nd2 Nge7 10. b4 Qd7 11. b5 Nd8 12. Ne2 O-O 13. f4 d5 14. fxe5 dxc4 15. Nxc4
Nf7 16. Nf4 Nxe5 17. Nxe6 Qxe6 18. Qb3 Kh7 19. Nxe5 Qxe5 20. Kf2 c6 21. Bb2
Qxb5 22. Bxg7 Qxb3 23. Rxb3 Kxg7 24. Rxb7 Kf6 25. Rc1 Rab8 26. Rcb1 Rxb7 27.
Rxb7 Rd8 28. Ke2 Ke6 29. Kd2 Rd7 30. Rb8 Nd5 31. a4 a5 32. Bxd5+ Rxd5 33. d4
Rd7 34. Re8+ Kf7 35. Ra8 c5 36. Kd3 cxd4 37. exd4 Rb7 38. Rxa5 Rb2 39. Rb5 Rxh2
40. Kc4 Rg2 41. Rb3 Ra2 42. Kb5 Ke6 43. a5 Kd5 44. a6 Kxd4 45. Kb6 Ke4 46. Kb7
1-0

[Event "Mistrzostwa Polski Niewidomych i Slabowi"]
[Site "Wagrowiec"]
[Date "2016.??.??"]
[Round "4.2"]
[White "Dukaczewski, Piotr"]
[Black "Kulpinski, Piotr"]
[Result "1-0"]
[WhiteElo "2254"]
[BlackElo "1930"]
[PlyCount "67"]
[EventDate "2016.??.??"]

1. e4 c6 2. c4 e5 3. Nf3 d6 4. Nc3 g6 5. d4 Bg7 6. h3 Nd7 7. Be2 Ngf6 8. O-O
O-O 9. Be3 Re8 10. d5 c5 11. a3 a6 12. b4 b6 13. Nd2 Re7 14. Nb3 Qc7 15. Rb1
Ne8 16. Qd3 f5 17. exf5 gxf5 18. Qxf5 cxb4 19. axb4 e4 20. Qg5 Nf8 21. Bxb6
Qxb6 22. Qxe7 Bxc3 23. Qxe8 Qb7 24. Qxe4 Qg7 25. Bg4 Bxb4 26. Bxc8 Rxc8 27. c5
Bxc5 28. Nxc5 Rxc5 29. Rb8 Qf6 30. Re1 Kg7 31. Rb7+ Kg8 32. Qg4+ Kh8 33. Rb8
Rxd5 34. Ree8 1-0

[Event "Mistrzostwa Polski Niewidomych i Slabowi"]
[Site "Wagrowiec"]
[Date "2016.??.??"]
[Round "4.3"]
[White "Suder, Ryszard"]
[Black "Zarow, Zdzislaw"]
[Result "1-0"]
[WhiteElo "2138"]
[BlackElo "1862"]
[PlyCount "123"]
[EventDate "2016.??.??"]

1. d4 Nf6 2. Nf3 d5 3. c4 e6 4. g3 Bd7 5. Bg2 dxc4 6. Nbd2 Bb4 7. Qc2 Bc6 8.
Qxc4 a5 9. O-O Nbd7 10. a3 Nb6 11. Qc2 Be7 12. Rd1 O-O 13. b3 Qd5 14. Bb2 a4
15. b4 Rad8 16. Ne1 Qh5 17. Bxc6 bxc6 18. Nf1 Rd5 19. e4 Rg5 20. Ng2 Rg4 21. f3
Rg6 22. Qd3 Qb5 23. Rac1 Rc8 24. Rc2 h6 25. Qxb5 cxb5 26. Nf4 Rg5 27. h4 Rh5
28. e5 Rf5 29. exf6 Bxf6 30. Ne3 Rxf4 31. gxf4 Bxh4 32. Rdc1 Bg3 33. Rxc7 Rd8
34. Ng2 Nc4 35. Rc2 Nxb2 36. Rxb2 Rxd4 37. Rc8+ Kh7 38. Kf1 Rd3 39. Ke2 Rxa3
40. Rc5 Ra1 41. Rxb5 a3 42. Rc2 a2 43. Ra5 Rg1 44. Raxa2 Rxg2+ 45. Ke3 Rg1 46.
Rg2 Re1+ 47. Rae2 Bh4 48. Rxe1 Bxe1 49. b5 e5 50. b6 exf4+ 51. Kxf4 Bb4 52. b7
Bd6+ 53. Kf5 h5 54. Rd2 Bb8 55. Rd8 Bc7 56. b8=Q Bxb8 57. Rxb8 f6 58. Ra8 h4
59. Ra4 g5 60. f4 Kh6 61. fxg5+ fxg5 62. Kg4 1-0

[Event "Mistrzostwa Polski Niewidomych i Slabowi"]
[Site "Wagrowiec"]
[Date "2016.??.??"]
[Round "4.5"]
[White "Czajkowski, Adam"]
[Black "Stachanczyk, Jacek"]
[Result "1-0"]
[WhiteElo "2082"]
[BlackElo "2202"]
[PlyCount "95"]
[EventDate "2016.??.??"]

1. e4 c5 2. Nf3 d6 3. d4 cxd4 4. Nxd4 Nf6 5. Nc3 Nc6 6. Bg5 e6 7. Qd2 a6 8.
O-O-O Bd7 9. f3 b5 10. Nxc6 Bxc6 11. Bd3 Be7 12. Be3 d5 13. e5 Nd7 14. f4 Qa5
15. Kb1 Bb4 16. Bd4 Bc5 17. Qe3 Bxd4 18. Qxd4 b4 19. Ne2 Qc5 20. f5 O-O 21.
fxe6 fxe6 22. Qh4 h6 23. Qg4 Rfe8 24. Qh5 Bb5 25. Nd4 Bxd3 26. Rxd3 Rac8 27.
Rhd1 Qc7 28. Rg3 Qxe5 29. Qxe5 Nxe5 30. Re3 Ng4 31. Rxe6 Rxe6 32. Nxe6 Re8 33.
Nc7 Re2 34. Nxa6 Ne3 35. Rg1 Nxc2 36. Rc1 Ne3 37. Nxb4 Rxg2 38. a4 Rg4 39. Rc8+
Kf7 40. Rb8 d4 41. a5 Rg1+ 42. Ka2 Rg5 43. a6 Ra5+ 44. Kb3 Ke6 45. Rb6+ Kd7 46.
Rb7+ Kd6 47. Rxg7 Nd5 48. Rg6+ 1-0

[Event "Mistrzostwa Polski Niewidomych i Slabowi"]
[Site "Wagrowiec"]
[Date "2016.??.??"]
[Round "4.6"]
[White "Zoltek, Tadeusz"]
[Black "Barnowski, Sylwester"]
[Result "1/2-1/2"]
[WhiteElo "2100"]
[BlackElo "1904"]
[PlyCount "62"]
[EventDate "2016.??.??"]

1. Nf3 Nf6 2. c4 c6 3. b3 d5 4. Bb2 e6 5. e3 Nbd7 6. Be2 Bd6 7. cxd5 cxd5 8.
Nc3 a6 9. d4 b5 10. O-O O-O 11. Bd3 Bb7 12. Ne2 Ne4 13. Ne5 f6 14. Nxd7 Qxd7
15. f3 Ng5 16. Rc1 Rac8 17. Rxc8 Rxc8 18. Qb1 h6 19. Rc1 Rc7 20. Rxc7 Qxc7 21.
h4 Nf7 22. Qc2 Bh2+ 23. Kh1 Qxc2 24. Bxc2 Bd6 25. Kg1 Kf8 26. Kf2 Ke7 27. Nc1
g5 28. hxg5 hxg5 29. Nd3 Nd8 30. Bc3 Nc6 31. b4 Bc8 1/2-1/2

[Event "Mistrzostwa Polski Niewidomych i Slabowi"]
[Site "Wagrowiec"]
[Date "2016.??.??"]
[Round "5.1"]
[White "Barnowski, Sylwester"]
[Black "Mackowiak, Marek"]
[Result "0-1"]
[WhiteElo "1904"]
[BlackElo "2138"]
[PlyCount "88"]
[EventDate "2016.??.??"]

1. e4 c6 2. d3 d5 3. Nd2 Nd7 4. g3 dxe4 5. dxe4 Ngf6 6. Bg2 e5 7. Ngf3 Bc5 8.
O-O O-O 9. c3 a5 10. Qc2 b5 11. h3 Qe7 12. Rd1 Bb6 13. Nf1 Nc5 14. Nh4 Be6 15.
Be3 Qc7 16. b4 Na4 17. Bxb6 Nxb6 18. Ne3 a4 19. Rd2 a3 20. Nf3 h6 21. Kh2 Rfb8
22. Bf1 Na4 23. Rb1 Nb2 24. Ra1 Nd7 25. Ne1 Nb6 26. Nd3 N6a4 27. Nc1 Rd8 28.
Nb3 Rxd2 29. Nxd2 Qd6 30. Nb3 Rd8 31. Kg2 Rd7 32. h4 Nc4 33. Nxc4 bxc4 34. Na5
Nb2 35. Qc1 c5 36. f4 cxb4 37. f5 Bxf5 38. Nxc4 Bxe4+ 39. Kh2 Nxc4 40. Bxc4
Qd2+ 41. Qxd2 Rxd2+ 42. Kh3 bxc3 43. Rc1 Bg2+ 44. Kg4 Rd4+ 0-1

[Event "Mistrzostwa Polski Niewidomych i Slabowi"]
[Site "Wagrowiec"]
[Date "2016.??.??"]
[Round "5.2"]
[White "Stachanczyk, Jacek"]
[Black "Zoltek, Tadeusz"]
[Result "1-0"]
[WhiteElo "2202"]
[BlackElo "2100"]
[PlyCount "111"]
[EventDate "2016.??.??"]

1. e4 c5 2. Nf3 Nc6 3. d4 cxd4 4. Nxd4 e5 5. Nb5 d6 6. N1c3 a6 7. Na3 b5 8. Nd5
Nge7 9. c4 Nd4 10. cxb5 Nxd5 11. exd5 Be7 12. Bd3 O-O 13. O-O axb5 14. Nxb5
Nxb5 15. Bxb5 Ba6 16. Bxa6 Rxa6 17. b4 Qb6 18. Qb3 Rb8 19. Bd2 Qd4 20. Bc3 Qd3
21. Rfd1 Qe2 22. Rd2 Qe4 23. a4 Bd8 24. Qd1 Qc4 25. Rc2 Qb3 26. Rcc1 Qxd1+ 27.
Rxd1 Kf8 28. Bd2 Ke7 29. Rdc1 Kd7 30. Kf1 Rba8 31. a5 Rb8 32. Ra3 Rb5 33. Rd3
f5 34. Ke2 e4 35. Rd4 Bf6 36. Rdc4 Rxd5 37. Rc7+ Ke6 38. R1c6 Ra8 39. Rb7 Rd3
40. a6 Ra3 41. b5 Bd4 42. Be3 Ra2+ 43. Kd1 Bxe3 44. fxe3 g5 45. Rcc7 f4 46. a7
f3 47. gxf3 exf3 48. Ke1 Rf8 49. Re7+ Kd5 50. Rf7 Re8 51. Rbe7 Rc8 52. Rc7 Re8
53. Rxf3 Ke4 54. Rf2 Ra1+ 55. Ke2 Rb1 56. Re7+ 1-0

[Event "Mistrzostwa Polski Niewidomych i Slabowi"]
[Site "Wagrowiec"]
[Date "2016.??.??"]
[Round "5.3"]
[White "Debowska, Teresa"]
[Black "Czajkowski, Adam"]
[Result "0-1"]
[WhiteElo "1820"]
[BlackElo "2082"]
[PlyCount "74"]
[EventDate "2016.??.??"]

1. e4 c5 2. Nf3 Nc6 3. c4 e6 4. d4 cxd4 5. Nxd4 Nf6 6. Nc3 Bb4 7. Nxc6 bxc6 8.
Bd3 e5 9. O-O O-O 10. Na4 d6 11. a3 Ba5 12. b4 Bc7 13. Bg5 h6 14. Bh4 Qe7 15.
Qc2 Qe6 16. f3 Nh5 17. Rfd1 Nf4 18. Bf1 f5 19. c5 d5 20. exf5 Rxf5 21. Nc3 Bd7
22. Re1 Raf8 23. Bg3 Qf6 24. Rad1 Qf7 25. Bxf4 Rxf4 26. Ne2 Rh4 27. Ng3 e4 28.
fxe4 Rxh2 29. e5 Rh4 30. Bd3 Qf4 31. Bh7+ Kh8 32. Rd3 Bxe5 33. Rf3 Qd4+ 34. Qf2
Rxf3 35. gxf3 Qxf2+ 36. Kxf2 Bd4+ 37. Kg2 Bh3+ 0-1

[Event "Mistrzostwa Polski Niewidomych i Slabowi"]
[Site "Wagrowiec"]
[Date "2016.??.??"]
[Round "5.5"]
[White "Kulpinski, Piotr"]
[Black "Suder, Ryszard"]
[Result "1/2-1/2"]
[WhiteElo "1930"]
[BlackElo "2138"]
[PlyCount "113"]
[EventDate "2016.??.??"]

1. d4 Nf6 2. Nf3 g6 3. c4 Bg7 4. Nc3 d5 5. Bf4 O-O 6. e3 c5 7. dxc5 Qa5 8. Qa4
Qxc5 9. Qb5 Qxb5 10. Nxb5 Na6 11. Be5 Bd7 12. cxd5 Nxd5 13. Bxg7 Kxg7 14. Nbd4
Rfc8 15. Bxa6 bxa6 16. Kd2 f6 17. Rhc1 e5 18. Rxc8 Rxc8 19. Ne2 Kf7 20. Rc1
Rxc1 21. Nxc1 Ke6 22. Ne2 Bc6 23. Ne1 g5 24. g3 h5 25. Nd3 Kd6 26. e4 Nc7 27.
Nc3 Ne6 28. Nb4 Nd4 29. Nxc6 Kxc6 30. Nd5 f5 31. Ne7+ Kd7 32. Nxf5 Nf3+ 33. Ke2
Nxh2 34. Ng7 h4 35. gxh4 gxh4 36. f3 h3 37. Kf2 Kc6 38. Nf5 Kc5 39. Ne3 Kd4 40.
Ke2 a5 41. b3 a6 42. a4 Kc3 43. Kf2 Kxb3 44. Ng4 Nxf3 45. Kxf3 Kxa4 46. Nxe5
Kb5 47. Nd3 a4 48. Kg3 a3 49. Nc1 Kc4 50. e5 Kd5 51. e6 Kxe6 52. Kxh3 Kd5 53.
Kg3 Kc4 54. Kf2 Kc3 55. Ke2 Kc2 56. Na2 Kb2 57. Kd2 1/2-1/2